000 00747 aa a2200193 4500
008 081021t xxu||||| |||| 00| 0 eng d
010 _aENG-84563
020 _a8190340328
020 _c495.00 (pbk)
035 _aEN-68096
082 _a809.91
245 _aPostmodernism or the cultural logic of late capitalism /
_cedited by Fredric Jameson
260 _aNew Delhi
_bABS Publishers and Distributors
_eE-9, Jungpura Ext., New Delhi-110014
260 _c2006
300 _axxii,438p
_c23cm
700 _aJameson, Fredric
_ced
942 _2ddc
_cEN
_h809.91
_m POS
999 _c17868
_d17868